00355cam a22001217a 4500008004000000082001900040100001500059245004900074260002600123300001000149650003800159650003600197180718b1984 xxu||||| |||| 00| 0 eng d aY15x5434 P1921 aPande, Ram aLand reforms and social changecby Ram Pande aJaipurbShodhakc1984 a122p. aSocial change - India - Rajasthan aland tenure - India - Rajasthan